000 00330nam a22001457a 4500
003 OSt
005 20220221132809.0
008 220221b |||||||| |||| 00| 0 eng d
020 _a8120327705
040 _cHU
082 _22nd
_a668.9
100 _aFried
_931011
245 _aPolymer Science & Technology
942 _2ddc
_cBOOKS
_n0
999 _c31016
_d31016